| 000 | 00561nam a2200205 i 4500 | ||
|---|---|---|---|
| 001 | 14752 | ||
| 003 | ES-MaACL | ||
| 005 | 20250817071104.0 | ||
| 007 | t| | ||
| 008 | 990531s1975 sp ||||1| spa d | ||
| 020 | _a84-7295-044-1 | ||
| 080 | _a248.145.13 | ||
| 100 | 1 |
_aFollereau, Raoul. _951470 |
|
| 245 | 1 | 0 |
_aAmar, actuar _b: antologĂa / _cRaoul Follereau. |
| 260 |
_aMadrid : _bEditorial Mundo Negro, _c[1975] |
||
| 300 |
_a198 p. ; _c19 cm. |
||
| 650 | 1 | 7 |
_aCaridad _2embne _910780 |
| 852 |
_aES-MaACL _jL-21895 _bR.115349 |
||
| 999 |
_c14752 _d14752 |
||